000 00920cab a2200253 4500
001 ABS54178
008 090401t1995 xxu||||| |||| 00| 0 eng d
035 _a(Sirsi) u8910
041 _aeng
100 _aBell, P.
245 _aGreen belt block to social housing
260 _c1995
350 _a0
490 _aPlanning (for the Natural and Built Environment)
_v(1147) 1 December 1995, 20-21(2)
520 _aDiscusses the exceptions initiative for rural affordable housing. Looks at the issue of green belts and what prospects there are for these to be used to house less well-off people, with reference to one scheme in the village of Belbroughton, in the West Midlands Green Belt.
650 _aGREEN BELT
650 _aNEW HOUSING
650 _aRURAL HOUSING
650 _aWEST MIDLANDS
690 _aHOUSING-DEVELOPMENT
690 _aPLANNING LAW AND PRACTICE
942 _n0
948 _c04/03/1997
999 _c5519
_d5519